Sports Quiz

Random Sports or World Quiz

I defeated Ric Flair for the World Title Quiz Stats

 Plays Quiz not verified by Sporcle

Support Sporcle.
Go Orange.
Score 0/10 Timer 05:00
0 Plays Today
% Correct
Hulk Hogan
96%
Randy Savage
92.7%
Sting
90%
Dusty Rhodes
85.5%
Bret Hart
84.5%
Harley Race
79.3%
Ricky Steamboat
73.2%
Ronnie Garvin
59.7%
Kerry Von Erich
52%
The Giant
49.6%

You're not logged in!

Compare scores with friends on all Sporcle quizzes.
OR
Log In

From the Vault

Images Ending in -iac

by ZYX

No, we're not looking for 'Jiac' Nicholson here. We are looking for a Johnny, though. We heard he's here.
Remove Ads.
Support Sporcle.
Get the best of Sporcle when you Go Orange. This ad-free experience offers more features, more stats, and more fun while also helping to support Sporcle. Thank you for becoming a member.

Show Comments

Extras

Top Quizzes Today


Score Distribution

Your Account Isn't Verified!

In order to create a playlist on Sporcle, you need to verify the email address you used during registration. Go to your Sporcle Settings to finish the process.

Report this User

Report this user for behavior that violates our Community Guidelines.

Details: